Statistics for Guess the 1970s song lyrics #255

Click here to take the quiz!

General Stats

  • This quiz has been taken 9 times
  • The average score is 186 of 283

Answer Stats

Answer% Correct
a
100%
and
100%
And
100%
I
100%
on
100%
do
89%
go
89%
It
89%
it
89%
To
89%
to
89%
we
89%
We
89%
you
89%
don't
78%
going
78%
I'll
78%
it's
78%
know
78%
Me
78%
of
78%
so
78%
That
78%
that
78%
The
78%
the
78%
thing
78%
we'l
78%
all
67%
At
67%
at
67%
be
67%
But
67%
can't
67%
for
67%
got
67%
I'm
67%
Jones
67%
let
67%
Mrs
67%
much
67%
Now
67%
now
67%
our
67%
there
67%
they
67%
too
67%
Well
67%
we're
67%
day
56%
her
56%
like
56%
mine
56%
she'll
56%
she's
56%
time
56%
us
56%
was
56%
both
44%
every
44%
gonna
44%
hurts
44%
meet
44%
over
44%
tomorrow
44%
up
44%
used
44%
wanna
44%
way
44%
with
44%
afford
33%
cafe
33%
careful
33%
Cause
33%
em
33%
extra
33%
gotta
33%
hold
33%
inside
33%
kinds
33%
place
33%
same
33%
strong
33%
While
33%
wrong
33%
6:30
22%
build
22%
favorite
22%
hands
22%
high
22%
Holding
22%
hopes
22%
jukebox
22%
leaving
22%
making
22%
obligations
22%
plans
22%
plays
22%
song
22%
talk
22%
thinking
22%
stong
11%

Score Distribution

Percentile by Number Answered

Percent of People with Each Score

Your Score History

You have not taken this quiz